000 01731nam a22003377i 4500
003 DO-SdBNP
005 20250611121345.0
006 a||||fr|||| 00| 0
007 ta
008 240506e1997 |||a|||| |||| 00| e spa d
040 _aDO-SdBNP
_bspa
_cBNPHU
_erda
082 4 _222
_bS211ps
_a155.897293
100 _aSánchez Martínez, Fernando,
_d1944-
_91573
245 1 0 _aPsiclogía del pueblo dominicano /
_bFernando Sánchez Martínez
264 4 _aSanto Domingo :
_bUniversitaria -UASD,
_c©1997
300 _a223 páginas :
_bilustraciones ;
_c27 cm.
336 _2rdacontent
_atexto
_btxt
337 _2rdamedia
_asin mediación
_bn
338 _2rdacarrier
_avolumen
_bnc
490 _aSalud y Sociedad ;
_v27
500 _aIncluye datos biográficos del autor en la contracubierta.
500 _aIncluye índice Onomástico
504 _aBiblioografía: 205 -208
505 _aPresentación.-- Prólogo.-- Introducción.
_gCapítulo I.
_tConceptualizaciones en torno a la salud mental.--
_gCapítulo II.
_tEl Proceso Salud- Enfemerdad Mental.--
_gCapítulo III.
_tEl Proceso Salud- Enfemerdad Mental en la Sociedad Dominicana.-- El Proceso Salud- Enfemerdad Mental en la Comunidad Primitiva.-- El Proceso Salud- Enfemerdad Mental en la Sociedad esclavista.--
_gCapítulo IV.
_tHacia una Interpretación de la Psicología del Pueblo Dominicano.--
_gCapítulo V.
_tConclusiones.--
_gCapítulo VI.
_tBibliografía General.
590 _aInventariado 2024 / MF
650 _aSalud mental
_zRepública Dominicana
_91052
650 0 _aPsicología social
_91574
650 _aActitud
_xPsicología Social
_985397
830 _aPublicaciones de la Universidad Autónoma de Santo Domingo ;
_lspa
_nvolumen 846
_985394
942 _2ddc
_cLBS1
999 _c56616
_d56616